00503nam a2200157Ia 4500008004100000041001200041082001100053100001700064245007000081260000600151650000600157700001800163942000700181999001700188952014000205221030s9999 xx 000 0 und d aEnglish a105.23 aS. H. Marson 0aPrinciples of Physical Chemistrycby S. H. Marson , C. F. Prutton c0 aB aC. F. Prutton cBK c10783d10783 pB 132l0o105.23 r2022-10-30 00:00:00w2022-10-30yBK003Print4070aMIETLIBbMIETLIBcBL-, FL-, CUP-0, SH-0, R-0d2012-06-0610HBE